Čipka z oplecka

Podrobná bibliografia
Hlavný autor: Žlnková, Tatiana (Autor)
Ďalší autori: Pešatová, Zuzana (Spolupracovník), Pešatová, Viara (Spolupracovník)
Médium: Kniha
Jazyk:slovenčina
Fyzický popis:20 l. v prebale nákresy 30 cm
Vydavateľské údaje: Vo Zvolene Podpolianske osvetové stredisko 2010
ISBN:9788085159769
Vydanie:1. vyd.
Predmet:

MARC

LEADER 00000cam a2200000 a 4500
001 vtls010191290
003 SK-MaSNL
005 20260301213157.0
008 240318s2010 xo l g f 000 0 slo
015 |a SNBE2011/02-01036 
020 |a 9788085159769  |q (brož.) 
040 |a SNK  |b slo  |c SNK  |e AACR2 
041 0 |a slo 
043 |a e-xo--- 
044 |a xo  |c SK 
072 7 |a 74  |x Kresba. Umelecké remeslá  |2 konspekt 
080 |a 746.21  |2 2001 
080 |a (036)  |2 2001 
080 |a 646.4-055.2  |2 2001 
080 |a 646.4-055.1  |2 2001 
080 |a 7.048  |2 2001 
080 |a (437.6)  |2 2001 
100 1 |a Žlnková, Tatiana  |4 aut  |9 544690 
245 1 0 |a Čipka z oplecka  |c [nákresy, grafické spracovanie: Tatiana Žlnková, Zuzana Pešatová, Viera Pešatová] 
250 |a 1. vyd. 
260 |a Vo Zvolene  |b Podpolianske osvetové stredisko  |c 2010 
300 |a 20 l. v prebale  |b nákresy  |c 30 cm 
366 |e 200 výt. 
500 |a Názov z obalu 
650 0 7 |a paličkovaná čipka  |2 SNKPH  |9 28807 
650 0 7 |a paličkovanie  |2 SNKPH  |9 15339 
650 0 7 |a dámske odevy  |2 SNKPH  |9 67126 
650 0 7 |a pánske odevy  |2 SNKPH  |9 67127 
650 0 7 |a vzory (motívy)  |2 SNKPH  |9 67231 
651 7 |a Podpoľanie (Slovensko : región)  |2 SNKPH  |9 63474 
655 7 |a informačné publikácie  |2 SNKPH  |9 70181 
700 1 |a Pešatová, Zuzana  |4 clb  |9 80213 
700 1 |a Pešatová, Viara  |4 clb  |9 599729 
752 |a Slovensko  |d Zvolen 
852 |a Štátna vedecká knižnica v Banskej Bystrici 
919 |a 978-80-85159-76-9 
999 |c 920724  |d 922654 
952 |a SNK  |b SNK  |y PREZ  |7 0  |p 17A0678994  |o snkOSB 16049 D1  |i snk2010/25920  |8 0  |0 0  |1 0  |4 0  |d 2010-11-23  |l 0  |r 2026-02-24 08:14:19  |w 2026-02-24 
952 |a SNK  |b SNK  |y PREZ  |7 0  |p 17A0678995  |o snkOSB 16049  |i snk2010/25919  |8 0  |0 0  |1 0  |4 0  |d 2010-11-23  |l 0  |r 2026-02-24 08:14:19  |w 2026-02-24